=LDR 00000nam 2200000 4500 =001 000832 =005 20250712122258 =035 ##$$a 0010-0725000705 =007 ta =008 250712################a##########0#ind## =020 ##$$a 978-623-118-832-8 =082 ##$$a 398.209 598 =084 ##$$a 398.209 598 FAT f =100 #$$a Fatmasari, Henny Widyaning =245 1#$$a Festival Padang Bulan /$c Henny Widyaning Fatmasari =250 ##$$a Cetakan Pertama =260 ##$$a Jakarta :$b Kementerian Pendidikan, Kebudayaan, Riset, dan Teknologi,$c 2024 =300 ##$$a 28 hlm. ; $c ilus. =650 #4$$a Cerita Anak-Indonesia =650 #4$$a Kesusastraan Anak =856 ##$$a TBM As Suhada =990 ##$$a TBM202400730